000 00661nam a2200217 a 4500
005 20140310183427.0
008 071127s19uu xx 00 eng d
020 _a0814473326
050 _aHF 5382.7
_b.B472 2006
100 _aBeshara, Tony
245 _aThe job search solution :
_bthe ultimate system for finding a great job now! /
_cTony Beshara
260 _aNew York :
_bAmerican Management Association,
_c2006.
300 _a294 p. :
_c24 cm.
521 _aBSBA
650 _aJob hunting.
650 _aJob hunting
_xPsychological aspects.
650 _aInterviewing.
650 _aSelf
_xpresentation.
942 _cBK
_2lcc
_kFOR
999 _c22673
_d22673